Normal view MARC view
  • Rundle, Bede

Entry Personal Name

Number of records used in: 1

001 - CONTROL NUMBER

  • control field: 145

003 - CONTROL NUMBER IDENTIFIER

  • control field: DLC

005 - DATE AND TIME OF LATEST TRANSACTION

  • control field: 20230720082449.0

008 - FIXED-LENGTH DATA ELEMENTS

  • fixed length control field: 891002n| acannaabn |a aaa

010 ## - LIBRARY OF CONGRESS CONTROL NUMBER

  • LC control number: n 89655013

040 ## - CATALOGING SOURCE

  • Original cataloging agency: DLC
  • Language of cataloging: eng
  • Transcribing agency: DLC
  • Modifying agency: DLC

100 1# - HEADING--PERSONAL NAME

  • Personal name: Rundle, Bede

400 1# - SEE FROM TRACING--PERSONAL NAME

  • Personal name: Rundle, Bernard Bede

670 ## - SOURCE DATA FOUND

  • Source citation: His Wittgenstein on language, 1990:
  • Information found: CIP t.p. (Bede Rundle)

670 ## - SOURCE DATA FOUND

  • Source citation: LC data base, 10-02-89
  • Information found: (hdg: Rundle, Bede)

670 ## - SOURCE DATA FOUND

  • Source citation: Guardian WWW site, Nov. 1, 2011
  • Information found: (Bede Rundle; b. Bernard Bede Rundle, Feb. 21, 1937, Wellington, N.Z.; d. Sept. 24, 2011; philosopher in the tradition of Aristotle, Kant, and Wittgenstein)